| LEADER |
00971nam0a2200229 450 |
| 001 |
16848059 |
| 010 |
|
|
|a 978-2-7154-3442-4
|b br.
|d 10
|
| 100 |
|
|
|a 20250314d2025 u u0frey01 ba
|
| 101 |
0 |
|
|a fre
|
| 102 |
|
|
|a FR
|
| 200 |
0 |
|
|a 100 mots de la psychologie (Les)
|f Olivier Houdé
|
| 205 |
|
|
|a 4e édition mise à jour
|
| 207 |
|
1 |
|a
|
| 210 |
|
|
|a Paris
|c Que sais-je ?
|d 2025
|
| 215 |
|
|
|a 1 vol. (128 p.)
|d 18 x 12 cm
|
| 225 |
1 |
|
|a Que sais-je ?
|v 3800
|x 0768-0066
|
| 300 |
|
|
|a Index
|
| 330 |
|
|
|a D'algorithme à vérité en passant par cognition, imagerie cérébrale, rêve ou surdoué, une introduction à la psychologie à travers des articles thématiques sur l'histoire de la discipline, les savoirs qu'elle a produits, ses outils, ses objets et ses territoires.
|
| 700 |
|
0 |
|a Houdé
|b Olivier
|4 70
|
| 900 |
|
|
|a Documentaire
|
| 901 |
|
|
|a Accessible au prêt
|
| 995 |
|
|
|a Bibliothèque
|c Bibliothèque
|f 00156012276937
|h 00156012276937
|k 150.1 HOU
|o p
|q a
|r az
|e Bibliothèque
|